Физико-химические и структурно-минералогические особенности отечественного природного алюмосиликатного сырья; Ресурсоэффективным технологиям - энергию и энтузиазм молодых

Bibliographic Details
Parent link:Ресурсоэффективным технологиям - энергию и энтузиазм молодых.— 2012.— [С. 9-11]
Main Author: Говорова Л. П. Лариса Павловна
Other Authors: Вакалова Т. В. Татьяна Викторовна (научный руководитель)
Summary:Заглавие с экрана
Language:Russian
Published: 2012
Series:Рациональное природопользование и глубокая переработка природных ресурсов
Subjects:
Online Access:http://www.lib.tpu.ru/fulltext/c/2012/C08/004.pdf
Format: Electronic Book Chapter
KOHA link:https://koha.lib.tpu.ru/cgi-bin/koha/opac-detail.pl?biblionumber=234003

MARC

LEADER 00000naa2a2200000 4500
001 234003
005 20260120135628.0
035 |a (RuTPU)RU\TPU\book\255087 
035 |a RU\TPU\book\255059 
090 |a 234003 
100 |a 20130315d2012 k y0rusy50 ca 
101 0 |a rus 
102 |a RU 
181 0 |a i  
182 0 |a b 
200 1 |a Физико-химические и структурно-минералогические особенности отечественного природного алюмосиликатного сырья  |f Л. П. Говорова  |g науч. рук. Т. В. Вакалова 
203 |a Текст  |c электронный 
215 |a 1 файл (374 Кб) 
225 1 |a Рациональное природопользование и глубокая переработка природных ресурсов 
300 |a Заглавие с экрана 
337 |a Adobe Reader 
463 1 |0 (RuTPU)RU\TPU\book\251281  |t Ресурсоэффективным технологиям - энергию и энтузиазм молодых   |o сборник докладов III Университетской конференции студентов Элитного технического образования, г. Томск, 16 -17 апреля 2012 г.  |f Национальный исследовательский Томский политехнический университет (ТПУ)   |v [С. 9-11]  |d 2012 
610 1 |a электронный ресурс 
610 1 |a труды учёных ТПУ 
610 1 |a сырье 
610 1 |a особенности 
610 1 |a природное сырье 
610 1 |a огнеупорные глины 
700 1 |a Говорова  |b Л. П.  |c химик-технолог  |c инженер Томского политехнического университета  |f 1989-  |g Лариса Павловна  |3 (RuTPU)RU\TPU\pers\30519 
702 1 |a Вакалова  |b Т. В.  |c химик-технолог  |c профессор Томского политехнического университета, доктор технических наук  |f 1956-  |g Татьяна Викторовна  |4 727 
801 1 |a RU  |b 63413507  |c 20101016 
801 2 |a RU  |b 63413507  |c 20140312  |g RCR 
856 4 |u http://www.lib.tpu.ru/fulltext/c/2012/C08/004.pdf 
942 |c CF